[Event "Krakow op"]
[Site "Krakow"]
[Date "2012.05.02"]
[Round "4"]
[White "Wodzislawski, Marian"]
[Black "Kolodkin, Daniil"]
[Result "1/2-1/2"]
[WhiteElo "2014"]
[BlackElo "1926"]
[PlyCount "50"]
[EventDate "2012.04.29"]
[EventType "swiss"]
[EventRounds "9"]
[EventCountry "POL"]
[SourceTitle "CBM 148 Extra"]
[Source "ChessBase"]
[SourceDate "2012.06.22"]
[SourceVersion "1"]
[SourceVersionDate "2012.06.22"]
[SourceQuality "1"]

1. d4 d5 2. Nf3 Nf6 3. c3 c5 4. Bf4 Qb6 5. Qb3 c4 6. Qxb6 axb6 7. Nbd2 b5 8. a3 Nc6 9. Rc1 h6 10. h3 Bf5 11. e3 e6 12. Be2 g5 13. Bg3 Nd7 14. Bd1 Bg7 15. Bc2 Bxc2 16. Rxc2 f5 17. Bd6 Kf7 18. Rc1 Bf6 19. Ke2 h5 20. Ne1 e5 21. dxe5 Bxe5 22. Bxe5 Ndxe5 23. Ndf3 g4 24. Nxe5+ Nxe5 25. Rd1 Ke6 1/2-1/2

[Event "Krakow op"]
[Site "Krakow"]
[Date "2012.04.29"]
[Round "1"]
[White "Shishkin, Vadim"]
[Black "Wodzislawski, Marian"]
[Result "1-0"]
[WhiteElo "2492"]
[BlackElo "2014"]
[PlyCount "51"]
[EventDate "2012.04.29"]
[EventType "swiss"]
[EventRounds "9"]
[EventCountry "POL"]
[SourceTitle "CBM 148 Extra"]
[Source "ChessBase"]
[SourceDate "2012.06.22"]
[SourceVersion "1"]
[SourceVersionDate "2012.06.22"]
[SourceQuality "1"]

1. d4 d5 2. c4 e6 3. Nf3 Nf6 4. Nc3 c6 5. g3 Bd6 6. Bg2 0-0 7. 0-0 Nbd7 8. b3 b6 9. Bb2 Ba6 10. Re1 Bb4 11. Nd2 Rc8 12. a3 Bxc3 13. Bxc3 c5 14. dxc5 bxc5 15. cxd5 exd5 16. b4 d4 17. Bb2 Qb6 18. Nb3 Bc4 19. Nxc5 Nxc5 20. Bxd4 Rfd8 21. bxc5 Qa6 22. e3 Rxc5 23. Bxc5 Rxd1 24. Raxd1 h6 25. e4 Qb5 26. Bxa7 1-0

[Event "Malbork Mayor Cup"]
[Site "Malbork"]
[Date "2010.02.18"]
[Round "6.1"]
[White "Wodzislawski, Marian"]
[Black "Maksimenko, Andrei Jr"]
[Result "1-0"]
[WhiteElo "2057"]
[BlackElo "1746"]
[PlyCount "61"]
[EventDate "2010.02.15"]
[EventType "swiss"]
[EventRounds "9"]
[EventCountry "POL"]
[SourceTitle "EXT 2023"]
[Source "ChessBase"]
[SourceDate "2022.10.05"]
[SourceVersion "1"]
[SourceVersionDate "2022.10.05"]
[SourceQuality "1"]

1. d4 Nf6 2. c3 d5 3. Bg5 Ne4 4. Bf4 Nc6 5. Nd2 Nxd2 6. Qxd2 Bf5 7. e3 a6 8. Bd3 Bxd3 9. Qxd3 e6 10. Nf3 Bd6 11. Bg3 0-0 12. 0-0 Bxg3 13. hxg3 Qf6 14. Rfe1 Rad8 15. Qc2 e5 16. dxe5 Nxe5 17. Nxe5 Qxe5 18. Qb3 b6 19. Rad1 Rd6 20. Rd4 Rfd8 21. Red1 c5 22. R4d2 Qh5 23. Qa4 b5 24. Qf4 a5 25. g4 Qh4 26. g3 Qh3 27. Rxd5 Rxd5 28. Rxd5 Rc8 29. Rh5 Qxh5 30. gxh5 c4 31. h6 1-0

[Event "Malbork Mayor Cup"]
[Site "Malbork"]
[Date "2010.02.17"]
[Round "4.2"]
[White "Szulc, Krzysztof"]
[Black "Wodzislawski, Marian"]
[Result "1/2-1/2"]
[WhiteElo "1573"]
[BlackElo "2057"]
[PlyCount "54"]
[EventDate "2010.02.15"]
[EventType "swiss"]
[EventRounds "9"]
[EventCountry "POL"]
[SourceTitle "EXT 2023"]
[Source "ChessBase"]
[SourceDate "2022.10.05"]
[SourceVersion "1"]
[SourceVersionDate "2022.10.05"]
[SourceQuality "1"]

1. e4 Nc6 2. Nf3 e5 3. Bc4 Nf6 4. d3 Bc5 5. Nc3 0-0 6. Be3 Be7 7. Qd2 d6 8. 0-0 Bg4 9. Ne1 Na5 10. Bb5 Bd7 11. Bxd7 Qxd7 12. h3 Nc6 13. f4 Rad8 14. Nf3 Kh8 15. Kh1 Nh5 16. Kh2 exf4 17. Bxf4 Nxf4 18. Qxf4 Bf6 19. Kh1 Rde8 20. Rae1 Ne7 21. Qd2 c6 22. e5 dxe5 23. Nxe5 Bxe5 24. Rxe5 Nd5 25. Rxe8 Rxe8 26. Ne4 f6 27. Qf2 b6 1/2-1/2

[Event "Malbork Mayor Cup"]
[Site "Malbork"]
[Date "2010.02.15"]
[Round "1.1"]
[White "Wodzislawski, Marian"]
[Black "Szymanowski, Igor"]
[Result "1/2-1/2"]
[WhiteElo "2057"]
[BlackElo "1348"]
[PlyCount "117"]
[EventDate "2010.02.15"]
[EventType "swiss"]
[EventRounds "9"]
[EventCountry "POL"]
[SourceTitle "EXT 2023"]
[Source "ChessBase"]
[SourceDate "2022.10.05"]
[SourceVersion "1"]
[SourceVersionDate "2022.10.05"]
[SourceQuality "1"]

1. Nf3 Nc6 2. d4 d5 3. c3 Nf6 4. Bg5 Bf5 5. e3 a6 6. Bd3 Ne4 7. Bf4 e6 8. Qc2 g5 9. Bg3 h5 10. h3 h4 11. Bh2 Rg8 12. Nbd2 g4 13. hxg4 Rxg4 14. Bf4 Nxd2 15. Bxf5 Nxf3+ 16. gxf3 Rg8 17. Bg4 Rh8 18. Qb3 b5 19. e4 Bh6 20. Bxh6 Rxh6 21. e5 Qg5 22. Ke2 f5 23. exf6 Rxf6 24. Rag1 0-0-0 25. Kd1 Qh6 26. Re1 Kb7 27. Qc2 Re8 28. Qd2 Qh7 29. Kc1 e5 30. dxe5 Nxe5 31. Re3 Nc4 32. Qxd5+ c6 33. Qd3 Qxd3 34. Rxd3 Re2 35. b3 Rxa2 36. Rxh4 Ne5 37. Rh7+ Kb6 38. Rd2 Rxd2 39. Kxd2 Nxf3+ 40. Ke2 Ng5 41. Re7 Rf4 42. f3 Rf7 43. Re5 Nh7 44. Bh5 Rg7 45. f4 Nf6 46. Bf3 Ng8 47. Re6 Re7 48. Bg4 Rxe6+ 49. Bxe6 Nf6 50. b4 c5 51. Kd3 Kc6 52. Bc8 Nd5 53. f5 cxb4 54. cxb4 Nxb4+ 55. Kd4 Kd6 56. Bb7 Ke7 57. Kc3 Kf6 58. Be4 Nd5+ 59. Bxd5 1/2-1/2

[Event "Raciborz op"]
[Site "Raciborz"]
[Date "2008.01.18"]
[Round "7"]
[White "Wodzislawski, Marian"]
[Black "Smieja, Adam"]
[Result "1/2-1/2"]
[WhiteElo "2058"]
[BlackElo "1871"]
[PlyCount "51"]
[EventDate "2008.01.12"]
[EventType "swiss"]
[EventRounds "9"]
[EventCountry "POL"]
[SourceTitle "EXT 2010"]
[Source "ChessBase"]
[SourceDate "2010.11.25"]
[SourceVersion "1"]
[SourceVersionDate "2010.11.25"]
[SourceQuality "1"]

1. d4 d5 2. Nf3 Nf6 3. Bg5 Ne4 4. Bf4 Bf5 5. c3 e6 6. e3 c6 7. Nbd2 Nxd2 8. Qxd2 Bd6 9. Bg3 Bxg3 10. hxg3 h6 11. Bd3 Bxd3 12. Qxd3 Nd7 13. Rd1 Rc8 14. g4 Qc7 15. g5 c5 16. gxh6 gxh6 17. Rh4 Ke7 18. Ke2 Qb6 19. Rb1 Rcg8 20. g3 Nf6 21. dxc5 Qxc5 22. Rbh1 h5 23. Rb4 Rb8 24. Rf4 Qb6 25. Rb4 Qc5 26. Rf4 1/2-1/2

[Event "Raciborz op"]
[Site "Raciborz"]
[Date "2007.02.23"]
[Round "8"]
[White "Wodzislawski, Marian"]
[Black "Krzywkowski, Marcin"]
[Result "1-0"]
[WhiteElo "2093"]
[BlackElo "1612"]
[PlyCount "101"]
[EventDate "2007.02.17"]
[EventType "swiss"]
[EventRounds "9"]
[EventCountry "POL"]
[SourceTitle "EXT 2011"]
[Source "ChessBase"]
[SourceDate "2010.11.26"]
[SourceVersion "1"]
[SourceVersionDate "2010.11.26"]
[SourceQuality "1"]

1. d4 Nf6 2. Nf3 e6 3. c3 c5 4. Bg5 d5 5. e3 a6 6. Bd3 Nbd7 7. 0-0 Be7 8. Nbd2 0-0 9. Re1 b5 10. Rc1 Bb7 11. Bb1 h6 12. Bh4 Rc8 13. Qe2 Ne4 14. Bxe7 Qxe7 15. Nxe4 dxe4 16. Nd2 f5 17. dxc5 Nxc5 18. Nb3 Bd5 19. Nxc5 Rxc5 20. Red1 Rfc8 21. Qd2 R8c6 22. a3 Qc7 23. Qd4 a5 24. Bc2 Qb8 25. Qd2 Rc8 26. Bb1 Qc7 27. Qd4 Kf7 28. g3 Bb3 29. Qd7+ Qxd7 30. Rxd7+ Kf6 31. Rd4 Ke7 32. Bc2 e5 33. Rd2 Be6 34. Ra1 b4 35. axb4 axb4 36. Ra7+ Kf8 37. Rd6 Bg8 38. g4 bxc3 39. bxc3 Rxc3 40. Ba4 f4 41. exf4 exf4 42. Rd4 f3 43. h4 Rc1+ 44. Kh2 Rf1 45. Kg3 Re8 46. Bc6 Bh7 47. Rad7 Rg1+ 48. Kf4 g5+ 49. hxg5 hxg5+ 50. Kxg5 Bg8 51. Bxe4 1-0

[Event "Raciborz op"]
[Site "Raciborz"]
[Date "2007.02.17"]
[Round "2"]
[White "Wodzislawski, Marian"]
[Black "Labedz, Patrycja"]
[Result "1/2-1/2"]
[WhiteElo "2093"]
[BlackElo "1881"]
[PlyCount "37"]
[EventDate "2007.02.17"]
[EventType "swiss"]
[EventRounds "9"]
[EventCountry "POL"]
[SourceTitle "EXT 2011"]
[Source "ChessBase"]
[SourceDate "2010.11.26"]
[SourceVersion "1"]
[SourceVersionDate "2010.11.26"]
[SourceQuality "1"]

1. d4 d5 2. Nf3 c6 3. c3 Nf6 4. Bg5 Ne4 5. Bf4 Bf5 6. e3 e6 7. Nbd2 Nd7 8. Be2 h6 9. Nxe4 Bxe4 10. Bd3 Nf6 11. Bxe4 Nxe4 12. Nd2 Nxd2 13. Qxd2 Bd6 14. Bxd6 Qxd6 15. 0-0 0-0 16. Rfe1 f5 17. Rac1 Rad8 18. f4 b5 19. Qe2 1/2-1/2

[Event "Bydgoszcz op-B"]
[Site "Bydgoszcz"]
[Date "2001.??.??"]
[Round "9"]
[White "Dzwikowski, Adam"]
[Black "Wodzislawski, Marian"]
[Result "0-1"]
[WhiteElo "2049"]
[BlackElo "2029"]
[PlyCount "104"]
[EventDate "2001.04.??"]
[EventType "swiss"]
[EventRounds "9"]
[EventCountry "POL"]
[SourceTitle "EXT 2002"]
[Source "ChessBase"]
[SourceDate "2001.11.25"]
[SourceVersion "1"]
[SourceVersionDate "2001.11.25"]
[SourceQuality "1"]

1. e4 e5 2. Nf3 Nc6 3. Bb5 a6 4. Ba4 d6 5. 0-0 Nf6 6. d4 b5 7. Bb3 exd4 8. Nxd4 Nxd4 9. Qxd4 c5 10. Qd3 c4 11. Bxc4 bxc4 12. Qxc4 Be7 13. Nc3 0-0 14. Bf4 a5 15. Rfd1 Ba6 16. Qc6 Qe8 17. Qb6 Nd7 18. Qe3 Ne5 19. Nd5 Bd8 20. Qg3 Qe6 21. a4 Bb7 22. Ra3 Rc8 23. Rc3 Rxc3 24. Qxc3 Bxd5 25. Rxd5 Bf6 26. Qxa5 Nc4 27. Qe1 Re8 28. Rb5 d5 29. b3 Nd6 30. Rb6 Qxe4 31. Qxe4 Nxe4 32. Rb8 Rxb8 33. Bxb8 Bc3 34. Kf1 Kf8 35. f3 Nf6 36. Bd6+ Ke8 37. Ke2 Kd7 38. Bf8 Ne8 39. Kd3 Be5 40. h3 Bd6 41. Bxd6 Kxd6 42. c4 Nf6 43. b4 dxc4+ 44. Kxc4 Nd5 45. Kb5 h5 46. g3 g5 47. a5 f5 48. a6 g4 49. fxg4 Nc7+ 50. Kc4 fxg4 51. h4 Nxa6 52. Kb5 Nxb4 0-1

[Event "Bydgoszcz op-B"]
[Site "Bydgoszcz"]
[Date "2001.??.??"]
[Round "4"]
[White "Wodzislawski, Marian"]
[Black "Bronowicki, Mateusz"]
[Result "1/2-1/2"]
[WhiteElo "2029"]
[BlackElo "2035"]
[PlyCount "79"]
[EventDate "2001.04.??"]
[EventType "swiss"]
[EventRounds "9"]
[EventCountry "POL"]
[SourceTitle "EXT 2002"]
[Source "ChessBase"]
[SourceDate "2001.11.25"]
[SourceVersion "1"]
[SourceVersionDate "2001.11.25"]
[SourceQuality "1"]

1. d4 e6 2. e4 d5 3. exd5 exd5 4. Bd3 Nc6 5. Ne2 Bd6 6. c3 Nge7 7. Bf4 Bg4 8. f3 Bh5 9. 0-0 Bg6 10. Re1 Qd7 11. Bxd6 Qxd6 12. Na3 a6 13. Nc2 0-0 14. Ne3 Rae8 15. Qd2 Nd8 16. Ng4 Bxd3 17. Qxd3 Ng6 18. Ng3 Nh4 19. Qd2 f6 20. Rxe8 Rxe8 21. Re1 Rxe1+ 22. Qxe1 Qe6 23. Qxe6+ Nxe6 24. Ne2 Nf5 25. Kf2 c6 26. Nc1 Kf7 27. Nd3 Nd6 28. Ne3 a5 29. Ke2 Nc4 30. Nf5 g6 31. Nh6+ Kg7 32. Ng4 h5 33. Ngf2 Kf7 34. Nd1 a4 35. g3 g5 36. Ne3 Nxe3 37. Kxe3 Kg6 38. b3 axb3 39. axb3 Kf5 40. h3 1/2-1/2